000 00556nam a2200205Ia 4500
005 20250508165339.0
008 008 250505s9999 xx 000 0 eng d
020 _a978-1-4094-4141-0
037 _aTextual
040 _aFEDL
_beng
_cFEDL
041 _aeng
_2eng
084 _a371.39, LEN
_qFEDL
100 _aLenka Rabindranath
_9780571
245 0 _aICT in education
260 _aNew Delhi, India
_bAxis Books Pvt. Ltd.
_c2013
300 _a240p.
365 _aINR
_b895
942 _cTEXL
_h371.39, LEN
999 _c1394598
_d1394598